00759nam a22002057a 4500999001900000005001700019010001500036020002600051035001400077037001300091082001300104100002100117245008400138260004100222270007900263300003600342500002200378942002700400952012600427 c157803d15780320181001163244.0 aENG-124153 a9789386446619c350.00 aEN-107685 bDBAD/PUB00a488.0071 aMajumdar, Aarati10aTeaching english as a second language:cby Aarati Majumdarbtheory and praxis / aNew Delhi bSAGE Publications,c2017 aB1/I-1 Mohan Cooperative Industrial Area, Mathura RoadbNew Delhi e110044 axv,349p.(I-6)c25cm.(pbk)bill. aIt includes index 2ddccENh488.0071mMUJ 001040718NFICaDBADbZLSd2018-10-01eDBAD/PUBg350.00l0o488.0071 MUJpEN-107685r2018-10-01 00:00:00t1v350.00yEN